Wordt geladen...

Speech- communication Theory and models ed by J Jeffery Auer /

Bibliografische gegevens
Hoofdauteur: Smith, Raymond G.
Taal:Undetermined
Gepubliceerd in: 1970.
Onderwerpen:
LEADER 00446nam a2200133Ia 4500
001 68648
008 170722s9999 xx 000 0 und d
100 |a Smith, Raymond G. 
245 |a Speech- communication  |b Theory and models ed by J Jeffery Auer / 
260 |c 1970. 
653 |a Communication,langauage 
942 |c GEN 
999 |c 78999  |d 78999 
952 |0 0  |1 0  |4 0  |6 P_X3_L0  |7 0  |8 LC1  |9 110910  |a LIB  |b LIB  |d 2017-08-12  |h LC1  |o P:(x3) L0  |p 133292  |r 2017-08-12  |w 2017-08-12  |y GEN